| 000 | 00776nam a2200241 i 4500 | ||
|---|---|---|---|
| 001 | 53084 | ||
| 003 | ES-MaACL | ||
| 005 | 20250921063025.0 | ||
| 007 | t| | ||
| 008 | 031007s2001 sp f |||| | spa d | ||
| 020 | _a84-7057-439-6 | ||
| 080 | _a299.2 | ||
| 100 | 1 |
_aBlázquez, José María, _d1926- _9141915 |
|
| 245 | 1 | 0 |
_aDioses, mitos y rituales de los semitas occidentales en la antigüedad / _cJosé María Blázquez. |
| 260 |
_aMadrid : _bCristiandad, _c[2001] |
||
| 300 |
_a319 p., [32] p. de lám. fot. ; _c21 cm. |
||
| 490 | 1 | _aPensamiento y teología | |
| 650 | 1 | 4 |
_aSemitas- _xReligión. _9159891 |
| 650 | 4 |
_aMitología semítica. _9159892 |
|
| 830 | 0 |
_aPensamiento y teología _9230231 |
|
| 852 |
_aES-MaACL _jL-26534 |
||
| 999 |
_c53084 _d53084 |
||